| 000 | 00776nam a2200193Ia 4500 | ||
|---|---|---|---|
| 005 | 20260429112329.0 | ||
| 008 | 260429s9999||||xx |||||||||||||| ||und|| | ||
| 020 | _a9788178541600 | ||
| 041 | _aHindi | ||
| 082 |
_a891.430 _bSRI |
||
| 100 | _aश्रीवास्तव, दुर्गा प्रसाद | ||
| 245 | 0 |
_aमध्य कालीन हिंदी काव्य के परिप्रेक्ष्य में भक्ति -आंदोलन / _cदुर्गा प्रसाद श्रीवास्तव |
|
| 250 | _a1st ed. | ||
| 260 |
_aदिल्ली : _bईस्टर्न बुक लिंकर, _c2009. |
||
| 300 | _axii, 456 p.; Hb | ||
| 440 | _vभाग-1 | ||
| 650 | _aHindi Literature | ||
| 942 | _cTB | ||
| 999 |
_c53531 _d53531 |
||